| 000 | 00661nam a22002177a 4500 | ||
|---|---|---|---|
| 001 | 20250 | ||
| 003 | BD-RjUL | ||
| 005 | 20211209000535.0 | ||
| 008 | 140227s1961 ii 000 0 eng d | ||
| 035 | _a(BD-RjUL)20312 | ||
| 040 |
_aBD-RjUL _beng _cBD-RjUL |
||
| 041 | _aeng | ||
| 082 |
_a658.8 _bJAM 1961 |
||
| 100 | 1 |
_aJagasia, Kaycee _962422 |
|
| 245 |
_aMarketing management : _bimportant aspects and problems for businessmen, executives and salesmen / _cKaycee Jagasia. |
||
| 250 | _a1st ed. | ||
| 260 |
_aBombay ; _aDelhi ; _aCalcutta : _bKitab Mahal, _c1961. |
||
| 300 |
_a258 p. ; _c18 cm. |
||
| 650 | 0 |
_aMarketing _vManagement. _95800 |
|
| 942 |
_2ddc _cBK |
||
| 999 |
_c20250 _d20250 |
||